000 00571nam a2200229Ia 4500
003 OSt
005 20220924133159.0
006 a|||||r|||| 00| 0
007 ta
008 220923b |||||||| |||| 00| 0 urd d
024 _a259255
037 _cTextual
040 _aARTS
_cARTS
_burd
041 _2urd
_aurd
082 _aO28,3x, 168M2
100 _aQutubullah Tr.
_9205811
245 0 _aGoongi tope
260 _c1982
650 _aARABIC FICTION
_964594
942 _hO28,3x, 168M2
_cTEXL
_2CC
999 _c432864
_d432864